| 000 | 00491nam a2200133Ia 4500 | ||
|---|---|---|---|
| 008 | 220204s9999 xx 000 0 und d | ||
| 082 |
_a633.88 _bBAY.2 |
||
| 100 | _aRaychaudhuri, S P | ||
| 245 | 0 | _aRecent advances in medicinal, aromatic and spice crops. V 2. International conference held on 28-31, January 1989, New Delhi, India | |
| 260 |
_aNew Delhi _bToday and tomorrow's printers _c1992 |
||
| 650 | _aMedicinal plants germplasm | ||
| 650 | _aOligosaccharides biosynthesis | ||
| 942 | _cBK | ||
| 999 |
_c40521 _d40521 |
||